The Answer is a Number - Whammies - Statistics

General Stats
  • This quiz has been taken 103,931 times
  • The average score is 12 of 28
Answer Stats
Hint Number % Correct
"Countries" of the United Kingdom 4
92%
Official capitals of South Africa 3
80%
Planets in the Solar System 8
79%
Rings on the Olympic flag 5
78%
Wonders of the Ancient World 7
73%
Faces of a cube 6
65%
Countries starting with Z 2
64%
"Ocho" in Spanish, "Acht" in German 8
63%
Cipher, nil 0
46%
Countries starting with Q 1
46%
Hogwarts Houses 4
46%
III + VI 9
44%
Cities destroyed by atomic bombs 2
42%
-stan countries 7
39%
pH of pure water 7
38%
Great Lakes of North America 5
37%
4 2
33%
Deadly sins 7
33%
Musicians in a quartet 4
32%
Countries starting with X 0
29%
Countries bordering Haiti 1
27%
Countries touching the Pyrenees 3
27%
Colors on the flag of Australia 3
27%
Earth's natural satellites 1
26%
U.S. states bordering the Pacific 5
23%
Pawns of the same color in chess 8
23%
Henry VIII wives 6
22%
African countries completely on islands 6
14%
No matching quizzes found
Score Distribution
Percent of People with Each Score
Percentile by Number Answered
Your Score History
You have not taken this quiz